Statistics for TV Sitcom Stars Quiz

Click here to take the quiz!

General Stats

  • This quiz has been taken 27,985 times
    (18,536 since last reset)
  • The average score is 16 of 28

Answer Stats

Actor Sitcom % Correct
Will SmithThe Fresh Prince of Bel-Air
92%
Ray RomanoEverybody Loves Raymond
79%
Woody HarrelsonCheers
73%
Sofia VergaraModern Family
72%
Jason AlexanderSeinfeld
70%
Bob SagetFull House
69%
Jim ParsonsThe Big Bang Theory
68%
John GoodmanRoseanne
67%
Frankie MunizMalcolm in the Middle
66%
Alyson HanniganHow I Met Your Mother
64%
Zack BraffScrubs
63%
Fran DrescherThe Nanny
63%
Robin WilliamsMork & Mindy
62%
Alan AldaM*A*S*H
61%
David Hyde PierceFrasier
56%
Mario LopezSaved By the Bell
56%
Jonathan Taylor ThomasHome Improvement
53%
Phylicia RashadThe Cosby Show
53%
Leah ReminiThe King of Queens
52%
Rainn WilsonThe Office
52%
Michael CeraArrested Development
51%
Gary ColemanDiff'rent Strokes
46%
Alyssa MilanoWho's the Boss?
43%
Larry DavidCurb Your Enthusiasm
39%
Kirk CameronGrowing Pains
38%
Jim BelushiAccording to Jim
29%
Alison BrieCommunity
26%
Brooke ShieldsSuddenly Susan
25%

Score Distribution

Percentile by Number Answered

Percent of People with Each Score

Your Score History

You have not taken this quiz since the last reset